Tất cả các dòng sông đều chảy = All the rivers run

"All The Rivers Run - Tất cả các dòng sông đều chảy” là cuộc đời của nữ hoạ sỹ Philadelphia diễn ra trên dòng sông Murray và Darling, miền Nam nước Úc. Từ thuở hoa niên sống với dì dượng bên bờ sông, những ngày làm nữ thuyền trưởng duy...

সম্পূর্ণ বিবরণ

সংরক্ষণ করুন:
গ্রন্থ-পঞ্জীর বিবরন
প্রধান লেখক: Cato, Nancy
বিন্যাস: গ্রন্থ
ভাষা:Undetermined
প্রকাশিত: Hà Nội Văn học 2010
বিষয়গুলি:
ট্যাগগুলো: ট্যাগ যুক্ত করুন
কোনো ট্যাগ নেই, প্রথমজন হিসাবে ট্যাগ করুন!
Thư viện lưu trữ: Trung tâm Học liệu Trường Đại học Cần Thơ
LEADER 01171nam a2200229Ia 4500
001 CTU_174987
008 210402s9999 xx 000 0 und d
020 |c 76000 
082 |a 823.3 
082 |b C366 
100 |a Cato, Nancy 
245 0 |a Tất cả các dòng sông đều chảy = 
245 0 |b All the rivers run 
245 0 |c Nancy Cato 
260 |a Hà Nội 
260 |b Văn học 
260 |c 2010 
520 |a "All The Rivers Run - Tất cả các dòng sông đều chảy” là cuộc đời của nữ hoạ sỹ Philadelphia diễn ra trên dòng sông Murray và Darling, miền Nam nước Úc. Từ thuở hoa niên sống với dì dượng bên bờ sông, những ngày làm nữ thuyền trưởng duy nhất dọc ngang vùng Victoria, rồi đến lúc tuổi già bóng xế, đời cô gắn liền với nhịp đập của sông nước. 
650 |a Women artists,Nữ họa sĩ,Australian fiction 
650 |x Fiction,Tiểu thuyết 
904 |i Trân, Năm 
980 |a Trung tâm Học liệu Trường Đại học Cần Thơ